Регионална библиотека "Любен Каравелов" - Русе

Есенен парфюм (Запис номер 157376)

MARC детайли
000 -Лидер
Контролно поле с фиксирана дължина 01457nam a2200361 c 4500
003 - Код на организацията, давaща контролен номер
Контролно поле BLK
005 - Дата и час на последна редакция
Контролно поле 20200225154047.0
008 - Елементи от данни с фиксирана дължина
fixed length control field 180410b bul|||||r ||||||| ||bul||
010 ## - Наследен системен номер
LC control number KNG00164320000
020 ## - Международен стандартен номер на книга ISBN
Международен стандартен номер на книга ISBN 978-619-165-023-1
-- издат.: Ергон
040 ## - Източник на каталожния запис
Идентификатор на билиотеката - собственик на записа BLK
041 ## - Код за език
Код за езика на текст/звукозапис или на отделно заглавие Български
Код за езика КДБФ Български
072 #7 - Код за тематичната категория
Код организация bullib
Код за тематична категория Н8300
Текст Романтична проза Н
080 ## - УДК
Текстов определител УДК Американска литература (на САЩ)
УДК код - определител по УДК 821.111(73)
УДК определител -31
УДК - код + определител 821.111(73)-31
100 1# - Редна дума - Автор
Автор Клейпас, Лайза
Авторска отговорност първи автор
R(LIN) 79634
139 ## - Редно поле
Редна дума Клейпас, Лайза
Авторски знак Кла - К 63
245 10 - Сведения за заглавието
Заглавие Есенен парфюм
Подзаглавни данни Роман
Редно поле (дума) Лайза Клейпас; прев. от англ. Диана Христова Райкова.
257 ## - Страна на издаване
Страна на създаване/издаване Съединени американски щати
260 ## - Област на издателските данни
-- София
Име на издателя, разпространителя и проч. Ергон
Година на издаване 2014
Печатница София : Инвестпрес
300 ## - Физическа характеристика
Страници 328 с.
Размери/Мащаб 20 см
380 ## - Жанр
Жанр Худож. лит.
490 1# - СЕРИИ (Колекции)
Име на серия Библиотека Любов и Съдба
490 1# - СЕРИИ (Колекции)
-- Подсерия
Име на серия Сезони на любовта
№: серия 2
500 ## - Общи забележки
Забележка Ориг. загл. It Happened One Autumn / Lisa Kleypas.
653 ## - Ключова дума – ненормативна
Ключова дума романтична проза
659 ## - Тематичен бюлетин
Тематичен бюлетин Н
700 1# - Други автори (авторска отговорност)
Лично име Райкова, Диана Христова
Автороска отговорност (Описва отношението между автора и произведението) прев. от англ.
9 (RLIN) 368973
852 ## - Местоположение
Форматна сигнатура Цб 270428
856 4# - Електронен адрес и достъп
Електронен формат pdf - файл
Път до файла /url/
856 4# - Електронен адрес и достъп
Електронен формат pdf - файл
Път до файла /url/
942 ## - АРТИКУЛИ
Вид на библиотечния материал Книги
Скрит в OPAC Не
Koha issues (borrowed), all copies 28
944 ## - СЪЗДАВАНЕ И РЕДАКЦИЯ на ЗАПИСА
Създаване/Редакция Създаване
Дата на регистрацията/редакция 26.08.2014
Статус, дата на статуса ф /
Служител, извършил регистрацията/редакцията Людмила_Стоянова
944 ## - СЪЗДАВАНЕ И РЕДАКЦИЯ на ЗАПИСА
Създаване/Редакция Редакция
Дата на регистрацията/редакция 16.09.2015
Статус, дата на статуса ф /
Служител, извършил регистрацията/редакцията Пенка_Димитрова
999 ## - СИСТЕМНИ КОНТРОЛНИ НОМЕРА
Koha biblionumber 157376
Koha biblioitemnumber 157376
Наличности
Код за отписване Код за изгубен артикул Източник на класификационната схема Код за повреда Коз за рестрикции Код за отдаване Артикулен № Име на библиотеката - собственик Име на библиотеката, в която се намира в момента Статус (Текущо местоположение) Дата на вписване в системата Местоположение - отдел Цена в лева Инвентарен номер Систематично азбучна сигнатура Баркод Номер на екземпляра Цена в евро Служебна бележка Служебен тип на артикула
Изтеглен Не е изгубен Universal Decimal Classification Не е повреден без рестрикции заемане за дома 263666 Регионална библиотека "Любен Каравелов" Русе Регионална библиотека "Любен Каравелов" Русе Заемна - подръчен фонд 2014-08-25 Заемна - подръчен фонд 11.70 120000779946 П 820(73)-31/К 63 120000779946 1 5.98 Дост: Pk Вид: Ф N: 365 Дата: 15.08.2014 Дата инв: 15.03.2018 Бележки инв: П2018 Книги
Изтеглен Не е изгубен Universal Decimal Classification Не е повреден без рестрикции заемане за дома 263667 Регионална библиотека "Любен Каравелов" Русе Регионална библиотека "Любен Каравелов" Русе Заемна - подръчен фонд 2014-08-29 Заемна - подръчен фонд 15.00 120000779953 П 820(73)-31/К 63 120000779953 2 7.67 Дост: Pk Вид: Ф N: 408 Дата: 25.08.2014 Дата инв: 15.02.2018 Бележки инв: П2018 Книги
  Не е изгубен   Не е повреден без рестрикции ползва се в читалня 263668 Регионална библиотека "Любен Каравелов" Русе Регионална библиотека "Любен Каравелов" Русе Хранилище 2015-09-17 Хранилище 15.00 120000792660 Цб 270428 120000792660 3 7.67 Дост: Dp Вид: Д N: 27 Дата: 18.06.2015 Книги
Vip Innovations Ltd, Rousse, Bulgaria 2025